Estatísticas para Capitais da Ásia

Clique aqui para jogar o quiz

Estatísticas Gerais

  • Esse quiz foi jogado 9 535 vezes
    (9 196 desde o último reset)
  • A pontuação média é 26 de 48

Estatísticas das Respostas

PaísCapital% Correto
JapãoTóquio
92%
ChinaPequim
92%
Coréia do SulSeul
91%
ÍndiaNova Deli
83%
IsraelJerusalém
82%
AfeganistãoCabul
77%
Emirados Árabes
Unidos
Abu Dhabi
76%
Coréia do NortePyongyang
75%
SingapuraSingapura
72%
TurquiaAncara
71%
IraqueBagdá
71%
IrãoTeerã
70%
SíriaDamasco
69%
Arábia SauditaRiade
69%
CatarDoha
68%
IndonésiaJakarta
67%
FilipinasManila
66%
KuweitKuweit
65%
LíbanoBeirute
65%
AzerbaijãoBaku
62%
MalásiaKuala Lumpur
58%
VietnameHanói
56%
ChipreNicosia
56%
BangladeshDaca
55%
TaiwanTaipé
54%
PaquistãoIslamabad
53%
JordâniaAmã
51%
ArmêniaErevan
50%
TailândiaBanguecoque
49%
NepalCatmandu
47%
CazaquistãoNursultan
47%
GeórgiaTbilisi
45%
MongóliaUlaanbaatar
45%
IémenSaná
41%
OmãMascate
40%
Timor LesteDíli
40%
MaldivasMalé
39%
BahreinManama
39%
LaosVientiane
38%
ButãoThimbu
38%
CambojaPhnom Penh
35%
BruneiBandar Seri
Begawan
31%
UzbequistãoTashkent
30%
QuirguistãoBisqueque
28%
Sri LankaKotte
28%
TurquemenistãoAsgabate
25%
BirmâniaNaypyidaw
25%
TajiquistãoDuchambé
22%

Distribuição das Pontuações

Percentil de Números Respondidos

Porcentagem de Pessoas com Cada Pontuação

Sua Pontuação Histórica

Você não jogou esse quiz desde o último reset